| 000 | 02084cam a22003018i 4500 | ||
|---|---|---|---|
| 001 | 18717255 | ||
| 005 | 20230306104959.0 | ||
| 008 | 150727s2015 flua b 001 0 eng | ||
| 010 | _a 2015021372 | ||
| 020 | _a9781498712002 (hardcover : alk. paper) | ||
| 040 |
_aDLC _beng _cDLC _erda _dDLC |
||
| 042 | _apcc | ||
| 050 | 0 | 0 |
_aJF1081 _b.G692 2015 |
| 082 | 0 | 0 |
_a353.46234, GOV _223 |
| 245 | 0 | 0 |
_aGovernment anti-corruption strategies : _ba cross-cultural perspective / _cedited by Yahong Zhang, Cecilia Lavena. |
| 264 | 1 |
_aBoca Raton : _bTaylor & Francis, _c[2015] |
|
| 300 |
_axxv, 269 pages : _billustrations, _c24 cm |
||
| 336 |
_atext _2rdacontent |
||
| 337 |
_aunmediated _2rdamedia |
||
| 338 |
_avolume _2rdacarrier |
||
| 505 | _aAnti-Corruption Actions: Nongovernmental and Intergovernmental Organizations (Page-1),Anti-Corruption Practices in India (Page-23),The Whistleblowing Program as an Anti-Corruption Tool in China (Page-43),Lessons from China: Fighting Corruption in the Construction Sector (Page-59),Anti-Corruption Lessons from Nepal (Page-77),Evolution of Anti-Corruption Strategies in South Korea (Page-103),Anti-Corruption Strategies in Singapore: Demystifying the Singapore Model (Page-123),Fighting Corruption in Central and Eastern European Countries through Transparency: Regulatory and Institutional Challenges (Page-139),How a Resurgent Anti-graft Bureau Helped Croatia Turn a Corner on Corruption (Page-167),Anti-Corruption Strategies in the Gulf Cooperation Council’s States: Lessons Learned and the Path Forward (Page-187),Combating Bribery of Foreign Officials: A Counter corruption Strategy in Developed Countries (Page-215),What Can We Learn from Worldwide Anti-Corruption Practices? (Page-247). | ||
| 650 | 0 |
_aPolitical corruption _xPrevention _vCross-cultural studies. _9109788 |
|
| 700 | 1 |
_aZhang, Yahong, _d1966- _9109789 |
|
| 700 | 1 |
_aLavena, Cecilia. _9109790 |
|
| 906 |
_a7 _bcbc _corignew _d1 _eecip _f20 _gy-gencatlg |
||
| 942 |
_2ddc _cBK |
||
| 999 |
_c593520 _d593520 |
||